Vista normal Vista MARC

Entrada Materia (personas)

Número de registros utilizados en: 1

001 - CONTROL NUMBER

  • control field: 32903

003 - CONTROL NUMBER IDENTIFIER

  • control field: Co-BoUCM

005 - DATE AND TIME OF LATEST TRANSACTION

  • control field: 20130318090216.0

008 - FIXED-LENGTH DATA ELEMENTS

  • fixed length control field: 130318|| aca||aabn | a|a d

040 ## - CATALOGING SOURCE

  • Original cataloging agency: Co-BoUCM
  • Transcribing agency: Co-BoUCM

100 ## - HEADING--PERSONAL NAME

  • Personal name: Ossa Gómez, J Efrén
  • Form subdivision: Compendios, sinopsis, etc.

670 ## - SOURCE DATA FOUND

  • Source citation: Work cat.: (Co-BoUCM)35354: Ossa Gómez, J. Efrén 21, Vida y obra de un maestro, 2007.